01830 2200241 4500001002100000005001500021035002000036008004100056020001800097041000800115082001100123084001700134100001700151245011100168260004500279300003500324520111900359700002101478700001501499990002401514990002501538990002501563INLIS00000000000777920221010111229 a0010-0520007779221010 g | ind  a9786029929249 aind a004.22 a004.22 SYA k0 aSyamsul Hadi1 aKudeta Putih (Reformasi dan Pelembagaan Kepentingan Asing dalam Ekonomi Indonesia) /cSyamsul Hadi et. al. aJakarta :bIndonesia Legal Center,c2012 axix, 247 hlm. ; 23 cm ;c23 cm aBuku ini menelisik fakta bagaimana kekuatan-kekuatan asing berhasil menguasai ekonomi Indonesia melalui perumusan dan penerapan berbagai aturan perundangan di berbagai level kelembagaan,dengan substansi kebijakan yang sangat lengkap bergulirnya era reformasi dewasa ini. Langkah-langkah perencanaan,penentuan dan pendiktean kebijakan oleh aneka kekuatan asing itu bisa disebut sebagai ” Kudeta Putih”,sebuah pengambilalihan hak dan wewenang mengeksploitasi bumi Indonesia melalui aturan-aturan kelembagaan yang membuat kepentingan-kepentingan mereka dilegalkan dan bahkan dijamin secara konstitusional. Secara substansial praktek-praktek ” kudeta Putih” wajib digugat dan terus dipertanyakan,mengingat misi kemerdekaan bangsa ini bukanlah membangun ” jembatan emas” guna memfasilitasi lalu lintas kepentingan asing agar bisa kembali menjajah negeri ini secara leluasa namun”konstitusional”. seperti sering diungkapkan para pendiri bangsa,kemerdekaan mestinya menjadi”Jembatan emas” bagi terwujudnya kemakmuran dan keadilan bagi bangsa ini sebagai tuan rumah yang berdaulat di negerinya sendiri.0 aSalamuddin Daeng0 aAfrimadona a22934/MKRI-P/X-2014 a23367/MKRI-P/XI-2014 a23366/MKRI-P/XI-2014